Movies Quiz

Random Movies or Actor Quiz

Actor-Character Mix Quiz Stats

 Plays Quiz Updated Feb 27, 2015

Challenge
Share
Tweet
Score 0/35 Timer 04:00
2 Plays Today
% Correct
Harrison Jones
96.8%
Johnny Scissorhands
96.6%
Clint Callahan
95.6%
Jim Ventura
95.3%
Tom Gump
95%
Anthony Lecter
94.9%
Sylvester Balboa
94%
Julie Poppins
93.6%
Audrey Golightly
88.8%
Bruce McClane
88%
Sigourney Ripley
87.8%
Al Montana
87.6%
Judy Gale
87.5%
Humphrey Blaine
84.8%
Diane Hall
84.5%
Gregory Finch
84.5%
Dustin Rizzo
84.1%
Marlon Kowalski
84%
% Correct
Robert Bickle
83.6%
Mel Rockatansky
82.4%
John Manero
80%
Sean Spicoli
79.9%
Vivien O'Hara
79%
Errol Hood
77.5%
Anthony Bates
77.4%
Orson Foster Kane
76.5%
Jack McMurphy
76.3%
Michael Gekko
75.9%
Peter Clouseau
75.1%
Faye Parker
74.4%
Sidney Tibbs
70.1%
Sally Webster
69.3%
Jimmy Bailey
65.7%
Malcolm DeLarge
55.3%
John Roundtree
52.7%

You're not logged in!

Compare scores with friends on all Sporcle quizzes.
OR
Log In

You Might Also Like...

Show Comments

Extras

Top Quizzes Today


Score Distribution

Your Account Isn't Verified!

In order to create a playlist on Sporcle, you need to verify the email address you used during registration. Go to your Sporcle Settings to finish the process.

Report this User

Report this user for behavior that violates our Community Guidelines.

Details: